Costa Rica: democracia desarmada
Guardat en:
| Autor corporatiu: | |
|---|---|
| Format: | Text |
| Publicat: |
San José:
Imprenta Nacional
|
| Etiquetes: |
Afegir etiqueta
Sense etiquetes, Sigues el primer a etiquetar aquest registre!
|
MARC
| LEADER | 00000 a a2200000 04500 | ||
|---|---|---|---|
| 001 | 24086 | ||
| 003 | |||
| 040 | |||
| 090 | |a 167800 | ||
| 110 | |a Costa Rica. Presidencia de la República. Secretaría de Información y Comunicación | ||
| 245 | |a Costa Rica: democracia desarmada | ||
| 260 | |a San José: |b Imprenta Nacional | ||
| 300 | |a 59 p. |b **no definido** |b fonodiscos |b map. | ||
| 999 | |c 13306 |d 13306 | ||
